[Event "17th Asian Continental-ch Open 2018"]
[Site "Makati City"]
[Date "2018.12.17"]
[Round "8"]
[White "Ganguly, Surya Shekhar"]
[Black "Tabatabaei, M.amin"]
[Result "1/2-1/2"]
[WhiteElo "2621"]
[BlackElo "2587"]
[Annotator "TA"]
[PlyCount "113"]
[EventDate "2018.12.07"]
[EventType "swiss"]
[EventRounds "9"]
[EventCountry "PHI"]
[SourceTitle "playchess.com"]
[Source "ChessBase"]
[SourceQuality "1"]

{[%evp 21,113,22,25,19,21,11,18,14,21,10,25,17,26,0,14,0,0,-16,0,-11,-11,0,90,86,147,110,111,97,102,29,25,39,94,89,85,90,94,99,93,40,40,41,41,41,41,41,43,34,34,33,30,30,30,19,32,0,0,0,35,6,6,8,15,0,0,0,20,4,8,11,25,9,9,0,0,0,19,7,14,0,0,0,0,0,0,0,0,-8,0,-14,-14,-14,-8,-14]} 1. e4 e5 2. Nf3 Nc6 3. Bc4 Bc5 4. c3 Nf6 5. d3 a6 6. O-O d6 7. a4 {C54: Giuoco Piano: 4 c3 Nf6, main lines with 5 d4 and 5 d3} Ba7 8. Re1 O-O 9. h3 h6 10. Nbd2 {[%cal Bb1d2,Bd2f1,Bf1e3,Be3c4][%mdl 32]} Be6 11. Bxe6 fxe6 {LiveBook: 16 Games} 12. b4 Nh5 13. Nf1 Qe8 {[#]} 14. Ra2 $146 ({Predecessor:} 14. Be3 Bxe3 15. Rxe3 Nf4 {1-0 (63) Karjakin,S (2773)-So,W (2810) Saint Louis 2017}) 14... Nf4 15. Kh2 Qf7 (15... Qg6 {with more complications.}) 16. Be3 Bxe3 17. Nxe3 Kh8 18. Ng1 d5 {And now ...d4 would win.} 19. Qc2 d4 20. Nc4 $1 dxc3 21. Qxc3 Nxd3 (21... Rad8 $11 {remains equal.} 22. Rd2 Nd4) 22. Qxd3 $16 Nxb4 ({Black should try} 22... b5) 23. Qd2 Nxa2 24. Nxe5 Qxf2 25. Re2 (25. Ng6+ $16 Kg8 26. Re2) 25... Qf6 $11 26. Ngf3 Rad8 (26... b5 $14) 27. Qxa2 $16 Kh7 28. Qb1 {[%mdl 1024] White has strong compensation.} b6 29. Qc2 c5 30. Qb1 (30. h4 $16) 30... b5 $14 31. axb5 axb5 32. Qxb5 Qf4+ $1 33. g3 Qc1 {[#] Strongly threatening ...Qf1.} 34. Kg2 Rb8 35. Qc4 Rb1 {( -> ...Qh1+)} 36. Qxc1 Rxc1 37. Kf2 c4 38. Re1 Rc2+ 39. Re2 Rc1 40. Ng4 c3 41. Ne3 $1 Rb8 42. Ne1 Rf8+ 43. Nf3 Rb8 44. Nc2 Rb2 45. Nfe1 Rd1 46. Ke3 g5 {The position is equal.} 47. Rf2 Rbb1 48. Re2 Rb8 49. Nd4 Rbb1 50. Nec2 Rg1 51. Kf3 Rbf1+ 52. Rf2 Rxf2+ 53. Kxf2 Rd1 {[#] Hoping for ...Rd2+.} 54. Ke3 Rh1 55. Nxe6 Rxh3 56. Kf3 $1 Rh2 57. Ned4 {Accuracy: White = 45%, Black = 57%.} 1/2-1/2

[Event "17th Asian Continental-ch Open 2018"]
[Site "Makati City"]
[Date "2018.12.17"]
[Round "8"]
[White "Wen, Yang"]
[Black "Adhiban, Baskaran"]
[Result "1/2-1/2"]
[WhiteElo "2604"]
[BlackElo "2695"]
[Annotator "TA"]
[PlyCount "145"]
[EventDate "2018.12.07"]
[EventType "swiss"]
[EventRounds "9"]
[EventCountry "PHI"]
[SourceTitle "playchess.com"]
[Source "ChessBase"]
[SourceQuality "1"]

{[%evp 22,145,0,0,0,0,-7,0,-14,-9,-15,-52,-51,-54,-50,-52,-19,-39,-11,-12,-13,-13,-10,-10,-12,-18,-12,-14,-20,-18,-10,-15,-12,-13,-13,-31,-8,-22,0,-31,-10,-15,-3,-18,-19,-20,-19,-37,-14,-74,-72,-83,-81,-72,-74,-72,-40,-77,-14,-18,-18,-34,0,0,0,-8,0,-8,0,-8,0,0,0,-8,0,0,0,-8,0,0,0,0,0,0,0,-8,0,-8,-8,-8,-8,-8,0,0,0,0,0,0,0,0,0,0,0,0,0,-8,-8,-8,0,0,0,0,0,0,0,0,0,0,0,0,0,0,0,0,0,0]} 1. e4 e5 2. Nf3 Nc6 3. Bb5 a6 4. Ba4 Nf6 {[%cal Bg8f6,Bf6d7,Bd7c5,Bc5e6][%mdl 32]} 5. d3 d6 6. c3 g6 7. O-O Bg7 8. Re1 O-O 9. Nbd2 Nd7 10. Nf1 Nc5 11. Bxc6 {C77: Ruy Lopez: 3...a6 4 Ba4 Nf6, unusual lines} bxc6 12. d4 {LiveBook: 33 Games} Ne6 (12... exd4 13. cxd4 Ne6 14. Ng3 c5 15. dxc5 Nxc5 16. Bg5 Qe8 17. Qd2 Bg4 18. Bh6 Bxf3 19. Bxg7 Kxg7 20. gxf3 {1-0 (52) Anand,V (2759)-Caruana,F (2816) Leuven 2018}) 13. dxe5 dxe5 14. Qa4 Qe8 15. Ng5 $146 ({Predecessor:} 15. N1d2 a5 16. Nc4 Nc5 17. Qc2 f5 18. Nfd2 a4 {0-1 (40) Vishnu,P (2340)-Sethuraman,S (2424) Chennai 2008}) 15... c5 16. Qxe8 Rxe8 17. Nxe6 Bxe6 ({Don't play} 17... fxe6 $6 18. Be3 $16) 18. c4 Bxc4 19. Be3 Bf8 20. Rec1 Bd3 21. Bxc5 Bxe4 22. Bxf8 Kxf8 23. Rxc7 Rec8 24. Rxc8+ (24. Rd7 {seems wilder.} Bf5 25. Rd5 Rcb8 26. b3 Rb5 27. Rad1) 24... Rxc8 $11 {[%mdl 4096] Endgame KRB-KRN} 25. Ne3 Bd3 26. Rd1 e4 27. f4 Ke7 28. Kf2 h6 29. h4 a5 30. Ke1 a4 31. Kd2 Bc4 32. b3 axb3 33. axb3 Bxb3 34. Rb1 Be6 35. Rb7+ (35. Rb5 $11 {keeps the balance.}) 35... Kd6 $17 36. g4 {[#]} g5 $1 {[%mdl 512]} 37. hxg5 (37. fxg5 hxg5) 37... hxg5 38. f5 Bd7 39. Ra7 Rd8 (39... Rc5 $17 {Threatening ...f6.} 40. Ra6+ Bc6) 40. Ra5 $11 {[#]} Bb5 $1 {[%mdl 512] Threatens to win with ...Kc5+.} 41. Nc2 $1 (41. Rxb5 Kc6+) 41... Kc5+ 42. Ke3 {Hoping for Na3.The position is equal.} Kb6 43. Ra1 Bd3 44. Ne1 Rd5 45. Ra8 Rd6 46. Rf8 f6 47. Re8 Kc5 48. Rc8+ Rc6 49. Rb8 Rd6 50. Rc8+ Kb6 51. Rc3 Ba6 52. Kxe4 Rd2 53. Kf3 Rd1 54. Kf2 Rd4 55. Kg3 Be2 56. Nf3 Rd3 (56... Ra4 {is interesting.} 57. Re3 Bc4 58. Nd4 Ra7 59. Re8 Kc5) 57. Rxd3 Bxd3 {KB-KN} 58. Kf2 Kc5 59. Ke3 Bc2 60. Ne1 Bb1 61. Nf3 Kd5 62. Nd4 Ba2 63. Ne6 Bb3 {White must now prevent ...Bd1.} 64. Nf4+ Kd6 {Strongly threatening ...Bd1.} 65. Nd3 Bc2 66. Nf2 Ke5 67. Nh3 $1 Ba4 (67... Bd1 $5 68. Nf2 $8 Bc2 $11) 68. Nf2 Bb5 69. Nh3 Ba6 70. Nf2 Bf1 71. Nd1 Bc4 72. Nf2 Bf1 73. Nd1 {Accuracy: White = 71%, Black = 62%.} 1/2-1/2

[Event "17th Asian Continental-ch Open 2018"]
[Site "Makati City"]
[Date "2018.12.17"]
[Round "8"]
[White "Jumabayev, Rinat"]
[Black "Wang, Hao"]
[Result "1/2-1/2"]
[WhiteElo "2602"]
[BlackElo "2730"]
[Annotator "TA"]
[PlyCount "104"]
[EventDate "2018.12.07"]
[EventType "swiss"]
[EventRounds "9"]
[EventCountry "PHI"]
[SourceTitle "playchess.com"]
[Source "ChessBase"]
[SourceQuality "1"]

{[%evp 20,104,25,29,63,32,82,61,62,58,134,73,93,69,90,95,215,14,156,22,29,25,27,14,38,27,30,19,26,-46,26,27,20,0,46,29,23,14,28,25,17,5,7,-89,-80,-85,-94,-95,-84,-187,-165,-241,-254,-242,-229,-262,-262,-230,-187,-336,-336,-443,-474,-692,-496,-560,0,-672,-672,-667,-651,-624,-618,-462,-8,-8,-8,-8,-8,-8,0,0,0,0,0,0,0]} 1. e4 c5 2. Nf3 Nc6 3. d4 cxd4 4. Nxd4 Qc7 5. Nc3 e6 6. Be3 Nf6 7. a3 a6 8. f4 d6 9. Qf3 Be7 10. O-O-O {B82: Sicilian Scheveningen: 6 f4} O-O 11. Be2 {LiveBook: 4 Games} Rb8 $146 ({Predecessor:} 11... Bd7 12. Rhg1 b5 13. g4 b4 14. axb4 d5 15. e5 Ne4 16. Nf5 Bxb4 17. Nxe4 dxe4 18. Qxe4 {1-0 (41) Motylev,A (2680)-Rosen,E (2369) Helsingor 2017}) 12. g4 {White is slightly better.} Nxd4 13. Bxd4 b5 14. g5 Nd7 15. Rhg1 (15. Qh5 $142) 15... b4 16. axb4 Rxb4 17. f5 $1 {Black must now prevent Bxg7!} Ne5 (17... Rxd4 $16 18. Rxd4 d5) 18. Qh3 $2 (18. Bxe5 $1 $18 dxe5 19. f6) 18... Re8 {[#]} (18... d5 $1 $11) 19. Bh5 {[#]} (19. f6 $1 $16) 19... Rxd4 $1 $11 {[%mdl 512]} 20. Rxd4 Qc5 21. Rdd1 {aiming for f6.} g6 {[%cal Re6f5]} 22. Be2 exf5 23. Nd5 fxe4 24. Qc3 (24. Nxe7+ $11 Rxe7 25. Qc3 Qxc3 26. bxc3) 24... Qxc3 ({Black should play} 24... Nd3+ $1 $15 25. Bxd3 Qxd5 {[%mdl 64] Double Attack} 26. Bxa6 Qf5) 25. Nxe7+ Rxe7 26. bxc3 Re6 (26... Nf3 $5 {[%cal Rf3g1]} 27. Bxf3 exf3 $11) 27. Rgf1 {[%mdl 1024] White has compensation.} Kg7 28. Rd4 Bb7 29. Rfd1 d5 {[%cal Bd6d5,Bd5c4][%mdl 32]} 30. Rf1 Bc6 31. c4 (31. Kd2 $11 {remains equal.}) 31... dxc4 $17 32. Kd2 Nf3+ 33. Bxf3 exf3 {[%mdl 4096] Endgame KRR-KRB} 34. Rf2 {[#]} (34. h4 $17) 34... h6 $1 $19 35. gxh6+ (35. h4 {keeps fighting.}) 35... Kxh6 36. Rxc4 f5 37. Rc5 Kg5 38. Ra5 Be4 39. c4 (39. Ke3 $142) 39... Kf4 40. c5 g5 {[%cal Bg6g5,Bg5g4][%mdl 32]} 41. Ke1 (41. Ra1 $142 g4 42. Kc3) 41... Bd3+ 42. Kd2 Be4 43. Ke1 $1 g4 44. Ra3 Bd3+ 45. Kd2 Bb5 46. Rb3 Ke4 $2 (46... Kg5 $19 {And now ...f4 would win.} 47. Rb2 Kf4) 47. Re3+ $11 {The position is equal.} Kd5 {Threatens to win with ...Re4.} 48. Rxe6 Kxe6 49. Ke3 Be2 50. h4 $1 {Hoping for c6.} gxh3 51. Rh2 Bf1 52. Rd2 ({Don't blunder} 52. Kxf3 $2 Bg2+ 53. Ke3 a5 $19) 52... Bb5 {Accuracy: White = 39%, Black = 60%.} 1/2-1/2

[Event "17th Asian Continental-ch Open 2018"]
[Site "Makati City"]
[Date "2018.12.18"]
[Round "9"]
[White "Wang, Hao"]
[Black "Lalith Babu M R"]
[Result "1/2-1/2"]
[WhiteElo "2730"]
[BlackElo "2529"]
[Annotator "TA"]
[PlyCount "102"]
[EventDate "2018.12.07"]
[EventType "swiss"]
[EventRounds "9"]
[EventCountry "PHI"]
[SourceTitle "playchess.com"]
[Source "ChessBase"]
[SourceQuality "1"]

{[%evp 19,102,42,44,27,35,25,39,18,12,14,44,41,43,43,38,28,56,54,54,45,36,24,17,0,10,-27,-24,-51,-47,-36,-26,-41,-50,-70,-70,-65,-81,-108,-108,-108,-108,-108,-108,-108,-108,-108,-108,-108,-108,-108,-108,-108,-108,-108,-108,-108,-108,-108,-108,-108,-108,-108,-108,-108,-108,-108,-108,-108,-108,-108,-108,-108,-108,-108,-108,-108,-108,-108,-108,-108,-108,-108,-108,-108,-108]} 1. Nf3 Nf6 2. g3 d5 3. Bg2 Bg4 4. O-O Nbd7 5. d4 e6 6. h3 {D02: 1 d4 d5 2 Nf3 sidelines, including 2...Nf6 3 g3 and 2...Nf6 3 Bf4} Bh5 7. c4 c6 8. cxd5 cxd5 (8... exd5 9. Ne5 Ne4 10. Nd2 Nxd2 11. Bxd2 Nxe5 12. dxe5 Bc5 13. Kh2 O-O {½-½ (32) Svidler,P (2768)-Karjakin,S (2753) Wijk aan Zee 2018}) 9. Nc3 Bd6 10. Qb3 Qb6 {LiveBook: 9 Games} 11. Qxb6 Nxb6 12. Ne5 Rc8 13. g4 Bg6 $1 14. Bf4 Bb4 $146 ({Predecessor:} 14... Bb8 15. Rac1 Ke7 16. Nxg6+ hxg6 {0-1 (35) Askarov,M (2404)-Fominykh,M (2298) Dagomys 2004}) 15. Rfc1 Bxc3 16. Rxc3 Rxc3 17. bxc3 Ke7 18. a4 {[%cal Ba2a4,Ba4a5][%mdl 32]} Rc8 19. a5 Nc4 20. Nxc4 Rxc4 21. Ra3 Kd7 22. a6 b6 23. f3 Bc2 24. Bf1 Ra4 25. Rxa4 Bxa4 $11 {[%mdl 4096] Endgame KBB-KBN} 26. g5 Ne8 27. e4 Nd6 28. exd5 {Black is better.} exd5 29. Kf2 Bb5 30. Bxd6 Bxf1 $17 {KB-KB} 31. Be5 Bxh3 32. Bxg7 Kc6 33. Ke3 Bf1 34. Kd2 Bxa6 35. Be5 Bc8 36. Kc2 a5 {[%cal Ba7a5,Ba5a4][%mdl 32]} 37. Kb3 Kb5 38. Bc7 a4+ 39. Kb2 Kc6 40. Bd8 b5 41. f4 Kd7 42. Ba5 Ke6 43. Ka3 Kf5 44. Bc7 Ke4 45. Bd6 Bd7 46. Bc7 Kd3 47. Ba5 Ke3 48. Bc7 Ke4 49. Bd6 {[#]} f6 $1 {[%mdl 512]} 50. Be7 (50. gxf6 Be8) 50... Kf5 51. Bd8 Be8 {Accuracy: White = 76%, Black = 92%.} 1/2-1/2

[Event "17th Asian Continental-ch Open 2018"]
[Site "Makati City"]
[Date "2018.12.18"]
[Round "9"]
[White "Le, Quang Liem"]
[Black "Ganguly, Surya Shekhar"]
[Result "1-0"]
[WhiteElo "2714"]
[BlackElo "2621"]
[Annotator "TA"]
[PlyCount "131"]
[EventDate "2018.12.07"]
[EventType "swiss"]
[EventRounds "9"]
[EventCountry "PHI"]
[SourceTitle "playchess.com"]
[Source "ChessBase"]
[SourceQuality "1"]

{[%evp 22,131,8,15,28,-16,0,0,4,11,2,0,0,0,0,0,8,-2,8,-6,0,0,29,18,72,27,37,18,43,0,0,0,18,0,0,0,0,0,0,0,0,0,0,0,0,0,3,13,7,0,20,20,18,19,19,20,28,0,0,0,0,0,25,0,0,0,12,0,53,58,53,14,89,95,80,68,69,102,54,79,75,97,90,82,53,77,56,84,127,61,118,72,191,0,27,27,11,11,11,11,11,11,11,8,29968,29972,29986,29987,29987,29988,29988,29989]} 1. c4 Nf6 2. Nc3 e5 3. g3 d5 4. cxd5 Nxd5 5. Bg2 Nb6 6. Nf3 Nc6 7. O-O Be7 8. b3 O-O 9. Bb2 Bg4 10. d3 Re8 {A29: English Opening: Four Knights Variation with 4 g3} 11. Rc1 Bf8 12. Ne4 {LiveBook: 3 Games} (12. h3 Bh5 13. Ne4 Rb8 14. Nc5 Bxc5 15. Rxc5 f6 16. a3 Qd7 17. b4 Bf7 18. Qc2 Rbc8 19. Rc1 a6 20. Nd2 Nd5 {1-0 (52) Eljanov,P (2711)-Ganguly,S (2650) Riadh 2017}) 12... Nd4 {The position is equal.} 13. e3 Nxf3+ 14. Bxf3 Bh3 15. Re1 c6 16. Qc2 $146 ({Predecessor:} 16. Nc5 Bxc5 17. Rxc5 {0-1 (38) Zalahoras,N (2191)-Kalaitzoglou,P (2199) Kallithea 2009}) 16... Qe7 17. a3 Rad8 18. b4 Nd7 19. Red1 Bf5 20. Qe2 Qe6 21. h4 {[%cal Bh2h4,Bh4h5][%mdl 32]} Be7 22. Nd2 {[%cal Be4d2,Bd2c4,Bc4a5][%mdl 32]} Qg6 (22... Nf6 $11) 23. h5 Qg5 24. Nc4 h6 25. Na5 Rb8 26. Rc2 a6 27. Bc1 {And now e4 would win.} Be6 $1 28. e4 Qf6 29. Be3 Bd8 30. Bg4 Nf8 31. Nc4 Bc7 32. d4 exd4 33. Bxd4 Qg5 34. Bxe6 Nxe6 35. Be3 Qe7 36. Qg4 Kf8 37. Rcd2 {Black must now prevent f4.} Rbd8 38. Qf5 Kg8 39. Kg2 Rxd2 40. Rxd2 Rd8 41. Bc5 $36 {[%mdl 2048] White has the initiative.} Nxc5 42. bxc5 Rxd2 43. Nxd2 Qd8 44. Nf3 b5 ({Black should try} 44... Bb8 $11) 45. cxb6 $1 $14 Bxb6 46. g4 Bd4 (46... Qd6 $11 {keeps the balance.}) 47. g5 hxg5 48. Nxg5 Qe8 49. f4 $1 g6 50. hxg6 fxg6 51. Qh3 Bf6 {[#] With the idea ...Bxg5.} 52. Qb3+ $1 Kh8 53. Ne6 Qf7 54. a4 {[%cal Ba3a4,Ba4a5][%mdl 32]} Qe8 55. Kg3 (55. Kf3 $16) 55... Qc8 ({Better is} 55... a5 $1 $14) 56. a5 Kh7 (56... c5 $16 {keeps fighting.}) 57. Nc5 $2 (57. e5 $18 Be7 58. Nd4) 57... Qc7 58. Kg4 {Hoping for e5.} Qc8+ 59. Ne6 {next e5 is good for White.} Qd7 60. e5 Be7 61. f5 gxf5+ 62. Kxf5 {White threatens Qh3+ and mate.} Bf8 $2 {[%mdl 8192] [#]} (62... Bb4 $11) 63. Qh3+ {White mates.} Bh6 64. Kf6 Qd2 65. Qf5+ Kh8 66. Kg6 {Accuracy: White = 64%, Black = 51%.} 1-0

[Event "17th Asian Continental-ch Open 2018"]
[Site "Makati City"]
[Date "2018.12.18"]
[Round "9"]
[White "Adhiban, Baskaran"]
[Black "Yakubboev, Nodirbek"]
[Result "1-0"]
[WhiteElo "2695"]
[BlackElo "2556"]
[Annotator "TA"]
[PlyCount "129"]
[EventDate "2018.12.07"]
[EventType "swiss"]
[EventRounds "9"]
[EventCountry "PHI"]
[SourceTitle "playchess.com"]
[Source "ChessBase"]
[SourceQuality "1"]

{[%evp 13,129,23,30,39,32,36,33,37,74,68,59,60,79,78,78,80,98,87,104,62,77,81,60,64,125,82,92,64,130,130,180,123,212,214,216,225,275,277,266,109,232,221,226,122,168,68,101,82,103,97,121,126,257,258,250,259,253,250,255,197,162,194,188,178,212,193,220,138,145,150,150,122,333,323,349,350,354,354,330,268,743,736,722,717,656,617,12790,12796,12797,12799,12799,12799,12799,12799,12800,12795,12796,12799,12804,12799,12798,12798,12762,12577,12514,12360,12298,12277,12277,12107,7413,6962,6923,6785,6209,5815,5815,5800]} 1. Nf3 d5 2. d4 Nf6 3. c4 dxc4 4. e3 e6 5. Bxc4 c5 6. O-O a6 7. b3 b6 {LiveBook: 26 Games. D27: Queen's Gambit Accepted: Classical main line: 7 e4!? and 7 a4} (7... b5 8. Be2 Nbd7 9. Bb2 Bb7 10. Nbd2 cxd4 11. Nxd4 Bd6 12. a4 bxa4 13. Nc4 Be7 14. Rxa4 Nc5 15. Ra2 O-O 16. Na5 Qb6 17. Nxb7 Nxb7 {1-0 (29) Vidit,S (2711)-Xiong,J (2651) chess.com INT 2018}) 8. Ba3 Nbd7 9. d5 exd5 {White is slightly better.} 10. Bxd5 Nxd5 11. Qxd5 Ra7 12. Bb2 Nf6 13. Qxd8+ Kxd8 {[#]} 14. Rd1+ $146 {[%mdl 128] White has strong attack.} ({Predecessor:} 14. Ne5 Ke8 15. Nd2 {1-0 (57) Smirnov,P (2589)-Kozionov,K (2437) Kazan 2017}) 14... Ke7 15. Nbd2 Be6 16. Ne5 {aiming for Nc6+.} Rc7 17. Ndc4 b5 18. Na5 Bd7 (18... Ke8 $14) 19. a4 h5 20. f3 Rh6 ({Black should try} 20... h4 $14) 21. e4 $16 Ne8 22. Bc1 (22. Nd3 $18) 22... Rb6 (22... Rd6 $16 23. Nd3 bxa4) 23. Bg5+ $18 f6 24. Ng6+ (24. Rxd7+ Rxd7 25. Nxd7 Kxd7 $11) 24... Kd8 25. Be3 (25. Nxf8 $6 fxg5 26. axb5 (26. Nxd7 Rxd7 27. Rdc1 Rc7 $16) 26... axb5 $16) 25... Bd6 26. Nf4 (26. axb5 $18 {is more deadly.} axb5 27. b4 $1 {[%mdl 512]}) 26... Rb8 (26... Bxf4 $16 27. Bxf4 Rc8 28. axb5 Rxb5) 27. axb5 ({Don't do} 27. Nxh5 $6 bxa4 28. Nc4 (28. bxa4 c4 $16) 28... Rxb3 $16) 27... axb5 28. Nxh5 ({White should play} 28. Nd5 $18) 28... Be5 29. Rac1 (29. Ra2 $18) 29... Ra8 $14 30. b4 $1 ({Reject} 30. Bxc5 $6 Rxa5 31. Bb6 Ra6 $11) 30... cxb4 31. Bb6 $1 {Threatens to win with Nc6+.} Kc8 32. Bxc7 Nxc7 (32... Bxc7 $16 {was necessary.} 33. Nc6 Bxc6) 33. Nb3 $1 $18 {[%cal Rb3c5]} Be6 34. Nc5 b3 35. Nxe6 b2 36. Nxc7 ({Worse is} 36. Nexg7 bxc1=N 37. Rxc1 b4 $11) 36... bxc1=Q 37. Rxc1 Bxc7 38. Nxg7 {[%mdl 4096] Endgame KRB-KRN} Kb7 39. Nf5 Bb6+ 40. Kf1 Ra2 41. Nd6+ Ka6 42. Rc6 {Nc8 is the strong threat.} Rf2+ $2 (42... Ka5 $16) 43. Ke1 Rxg2 {[#]} 44. Nc8 $1 {[%cal Rc8b6]} Kb7 45. Rxb6+ Kxc8 46. Rxb5 Rxh2 $2 {KR-KR} (46... Kd8 47. h4 Rc2) 47. Rd5 {White is clearly winning.} Kc7 48. Rd2 Rh8 49. Kf2 f5 50. exf5 Rh5 51. Rd5 Kc6 52. Re5 Kd6 53. f4 Rh3 54. Re8 Kd7 55. Re3 Rh5 56. Kg3 Rxf5 57. Kg4 Rf8 58. Kg5 Rg8+ 59. Kh6 Rf8 {[#]} 60. Re4 $1 Rh8+ 61. Kg6 Rg8+ 62. Kf7 Rg4 63. Rd4+ Kc6 64. Ke6 Kc5 65. Rd5+ {Precision: White = 65%, Black = 45%.} 1-0

[Event "17th Asian Continental-ch Open 2018"]
[Site "Makati City"]
[Date "2018.12.18"]
[Round "9"]
[White "Maghsoodloo, Parham"]
[Black "Vidit, Santosh Gujrathi"]
[Result "1/2-1/2"]
[WhiteElo "2688"]
[BlackElo "2701"]
[Annotator "ChessBase"]
[PlyCount "111"]
[EventDate "2018.12.07"]
[EventType "swiss"]
[EventRounds "9"]
[EventCountry "PHI"]
[SourceTitle "playchess.com"]
[Source "ChessBase"]
[SourceQuality "1"]
[TimeControl "40/5400+30:1800+30"]

1. Nf3 {[%emt 0:00:00]} Nf6 {[%emt 0:02:40]} 2. c4 {[%emt 0:00:03]} c5 {[%emt 0:00:24]} 3. Nc3 {[%emt 0:00:09]} Nc6 {[%emt 0:00:09]} 4. g3 {[%emt 0:00:50]} d5 {[%emt 0:00:11]} 5. cxd5 {[%emt 0:00:07]} Nxd5 {[%emt 0:00:07]} 6. Bg2 {[%emt 0:00:21]} g6 {[%emt 0:00:13]} 7. h4 {[%emt 0:03:29]} Bg7 {[%emt 0:00:40]} 8. h5 {[%emt 0:00:05]} Bf5 {[%emt 0:00:07]} 9. Qa4 {[%emt 0:19:23]} Ndb4 {[%emt 0:11:04]} 10. O-O {[%emt 0:03:51]} Qa5 {[%emt 0:19:18]} 11. d3 {[%emt 0:11:23]} Qxa4 {[%emt 0:05:12]} 12. Nxa4 {[%emt 0:00:36]} c4 {[%emt 0:00:19]} 13. dxc4 {[%emt 0:00:06]} Nc2 {[%emt 0:00:08]} 14. Rb1 {[%emt 0:06:58]} Na3 {[%emt 0:07:08]} 15. Ra1 {[%emt 0:02:16]} Nxc4 {[%emt 0:06:35]} 16. h6 {[%emt 0:00:18]} Bf6 {[%emt 0:00:41]} 17. Bg5 {[%emt 0:00:09]} Bxb2 {[%emt 0:05:01]} 18. Nxb2 {[%emt 0:00:22]} Nxb2 {[%emt 0:00:02]} 19. Nh4 {[%emt 0:01:26]} Bc8 {[%emt 0:13:03]} 20. Rfc1 {[%emt 0:02:25]} f6 {[%emt 0:00:13]} 21. Be3 {[%emt 0:04:28]} Kf7 {[%emt 0:07:20]} 22. Bd5+ {[%emt 0:10:35]} Be6 {[%emt 0:00:21]} 23. Bxe6+ {[%emt 0:00:05]} Kxe6 {[%emt 0:00:04]} 24. Rab1 {[%emt 0:00:03]} Na4 {[%emt 0:00:22]} 25. Rxb7 {[%emt 0:00:06]} Rhc8 {[%emt 0:01:02]} 26. Nf3 {[%emt 0:01:50]} Kf7 {[%emt 0:08:18]} 27. g4 {[%emt 0:02:13]} Nb6 {[%emt 0:02:26]} 28. g5 {[%emt 0:12:31]} Rab8 {[%emt 0:00:36]} 29. Rxb8 {[%emt 0:02:15]} Nxb8 {[%emt 0:00:02]} 30. Rb1 {[%emt 0:00:49]} N8d7 {[%emt 0:00:35]} 31. a4 {[%emt 0:01:55]} Nxa4 {[%emt 0:03:14]} 32. Rb7 {[%emt 0:01:13]} Ke8 {[%emt 0:01:03]} 33. Rxa7 {[%emt 0:00:16]} Nc3 {[%emt 0:00:06]} 34. Kf1 {[%emt 0:01:27]} Ne4 {[%emt 0:02:27]} 35. gxf6 {[%emt 0:08:06]} exf6 {[%emt 0:00:06]} 36. Nd4 {[%emt 0:00:08]} Nd6 {[%emt 0:01:45]} 37. Bd2 {[%emt 0:01:16]} Nf7 {[%emt 0:01:33]} 38. Ne6 {[%emt 0:00:57]} Ke7 {[%emt 0:01:01]} 39. Nf4 {[%emt 0:02:21]} g5 {[%emt 0:01:24]} 40. Bb4+ {[%emt 0:00:00]} Ke8 {[%emt 0:00:00]} 41. Nd5 {[%emt 0:09:04]} Nxh6 {[%emt 0:07:56]} 42. Nc7+ {[%emt 0:00:35]} Kd8 {[%emt 0:04:35]} 43. e4 {[%emt 0:09:16]} Nf7 {[%emt 0:04:28]} 44. Ne6+ {[%emt 0:00:11]} Ke8 {[%emt 0:00:03]} 45. Ng7+ {[%emt 0:00:43]} Kd8 {[%emt 0:00:07]} 46. Ne6+ {[%emt 0:08:21]} Ke8 {[%emt 0:00:04]} 47. Nc7+ {[%emt 0:01:14]} Kd8 {[%emt 0:00:18]} 48. Nd5 {[%emt 0:00:48]} Ke8 {[%emt 0:03:04]} 49. f3 {[%emt 0:02:05]} Rb8 {[%emt 0:03:45]} 50. Bc3 {[%emt 0:00:45]} Nfe5 {[%emt 0:02:29]} 51. Nxf6+ {[%emt 0:00:25]} Nxf6 {[%emt 0:00:03]} 52. Bxe5 {[%emt 0:00:05]} Rb6 {[%emt 0:04:40]} 53. Bd4 {[%emt 0:00:12]} Rd6 {[%emt 0:00:48]} 54. Be3 {[%emt 0:03:48]} h6 {[%emt 0:02:03]} 55. Kf2 {[%emt 0:00:21]} Nd7 {[%emt 0:01:57]} 56. f4 {[%emt 0:01:12]} 1/2-1/2